000 00407nam a2200157Ia 4500
008 210716s1996 xx 000 0 und d
020 _a156052362X
041 _aeng
082 _a658.81 MARC
100 _aMartin, Charles L.
245 _aOwning and operating a service business.
250 _a1
260 _bCrisp Publications
_c1996
300 _axi,203
650 _aSales & Distribution Management
999 _c200659
_d200659